01659nam a2200457 i 450000100060000000300090000600500170001500800390003201500180007103500230008903500360011203500140014803500210016203500230018303500440020604000280025004600090027808000120028710000390029924501880033826000440052630000430057033600270061333700540064033800280069438000160072238000270073838800140076538800140077949000140079365000220080765500170082965800210084670000360086770000380090370000440094170000530098571000510103883000140108985600980110347044KOSZ 00520200622092258.0200331s1969 pl a g 000 0 eng aUWD 1969/9865 a991038459609705066 a(PL-WaBN)b20297749-48omnis_nlop ab20297749 a(OCoLC)831195898 a(PL)b0000002029774 a(EXLNZ-48OMNIS_NETWORK)9910321172005606 aWA NcWA NdKOSZ 005/RW k1969 a811.1111 aSmólska, Janinad(?-2002)eAutor10aListen and learn :ba complete ourse of spoken English on gramophone reords.nCz.1 /cJ. Smólska, J. Rusiecki, B. Krasnodębska ; [recenzenci : dr A. Prejbisz, dr M. Kobylański]. aWarszawa :b"Wiedza Powszechna",c1969. a413, [3] stron :bilustracje ;c23 cm. aTekstbtxt2rdacontent aBez urządzenia pośredniczącegobn2rdamedia aWoluminbnc2rdacarrier aKsiążki aPublikacje dydaktyczne a1901-2000 a1945-19891 aPoliglota 7aJęzyk angielski 7aPodręcznik aJęzykoznawstwo1 aKrasnodębska, BeatriceeAutor1 aRusiecki, Jand(1926-2015)eAutor1 aPrejbisz, Antonid(1909-1980)eRecenzja1 aKobylański, Mieczysławd(1920-1999)eRecenzja2 aPaństwowe Wydawnictwo Wiedza Powszechna4pbl 0aPoliglota uhttp://koha.tu.koszalin.pl/cgi-bin/koha/opac-detail.pl?biblionumber=47044yKatalog online BPK